| 000 | 02333nam0a2200385 i 4500 | ||
|---|---|---|---|
| 001 | RU\NLR\BIBL_A\010857964 | ||
| 005 | 20260426063014.0 | ||
| 010 |
_a9785799614720 _9150 |
||
| 021 |
_aRU _b15-67266 |
||
| 035 | _a(NILC)RuMoRGB-008012894 | ||
| 035 | _a(NLR Aleph) 010857964 | ||
| 090 |
_a10406683 _c10406683 |
||
| 100 | _a20151008d2015 km y0rusy50 ca | ||
| 101 | 0 |
_arus _deng |
|
| 102 | _aRU | ||
| 105 | _aahc|z|||000yy | ||
| 200 | 1 |
_aВойна была позавчера… Российское студенчество о Великой Отечественной войне _eматериалы мониторинга "Современное российское студенчество о Великой Отечественной войне" _fРоссийское о-во социологов, М-во образования и науки Российской Федерации, Уральский федеральный ун-т им. первого Президента России Б.Н. Ельцина _g[ред.: Ю.Р. Вишневский, д.социол.н., проф.] |
|
| 210 |
_aЕкатеринбург _cИзд-во Уральского университета _d2015 |
||
| 215 |
_a311 с. _cил., цв. ил., портр., факс. _d29 |
||
| 300 | _aНа обл.: Весна Победы в Уральском федеральном, 70 лет | ||
| 300 | _aРез. ст. на англ. яз. | ||
| 320 | _aБиблиогр. в подстроч. примеч. | ||
| 517 | 1 | _aРоссийское студенчество о Великой Отечественной войне | |
| 606 |
_aСтуденты _xПатриотическое воспитание _yРоссийская Федерация _3RU\NLR\AUTH\661366286 _92280398 |
||
| 675 | _a355/359 | ||
| 686 | 1 | _aЦ4,6(2Р)915.24 | |
| 702 | 1 |
_aВишневский _bЮ. Р. _f1938- _gЮрий Рудольфович _4340 |
|
| 712 | 0 | 2 |
_4570 _aУральский федеральный университет им. первого Президента России Б. Н. Ельцина _cЕкатеринбург _3RU\NLR\AUTH\8810168127 _9832088 |
| 801 | 0 |
_aRU _bРГБ _c20150904 _gRCR |
|
| 801 | 1 |
_aRU _bРГБ _c20150904 _2rusmarc |
|
| 942 | _cBOOK | ||
| 980 | _aNBR | ||